Every QB in NFL history with over 20,000 career passing yards - Statistics

General Stats
  • This quiz has been taken 172 times
  • The average score is 55 of 114
Answer Stats
Hint Answer % Correct
82,381 Tom Brady
100%
80,358 Drew Brees
97%
23,911 Archie Manning
93%
57,023 Eli Manning
93%
71,940 Peyton Manning
93%
71,838 Brett Favre
90%
40,551 Joe Montana
89%
53,816 Aaron Rodgers
88%
62,607 Ben Roethlisberger
86%
61,361 Dan Marino
84%
58,194 Matt Ryan
83%
63,440 Philip Rivers
82%
48,123 Matthew Stafford
80%
35,510 Russell Wilson
79%
33,124 Steve Young
78%
35,650 Alex Smith
76%
51,775 John Elway
75%
27,989 Terry Bradshaw
73%
34,183 Tony Romo
73%
20,451 Jared Goff
70%
23,671 Andrew Luck
69%
31,895 Cam Newton
69%
30,310 Derek Carr
69%
41,269 Joe Flacco
69%
32,942 Troy Aikman
69%
40,239 Johnny Unitas
68%
32,344 Kurt Warner
68%
29,054 Brad Johnson
67%
24,410 Charley Johnson
67%
31,147 Kirk Cousins
67%
24,718 Bart Starr
66%
49,325 Warren Moon
66%
44,611 Drew Bledsoe
65%
22,464 Michael Vick
65%
37,276 Donovan McNabb
64%
22,700 Roger Staubach
64%
46,247 Carson Palmer
63%
47,003 Fran Tarkenton
63%
27,663 Joe Namath
62%
34,552 Andy Dalton
60%
29,676 Ryan Tannehill
60%
35,467 Jim Kelly
59%
35,133 Jay Cutler
58%
29,979 Randall Cunningham
56%
31,304 Steve McNair
54%
25,206 Joe Theismann
53%
20,566 Dak Prescott
52%
43,040 Dan Fouts
52%
24,153 Daunte Culpepper
52%
20,982 Jameis Winston
52%
32,838 Ken Anderson
52%
36,638 Matt Hasselbeck
52%
33,462 Phil Simms
52%
34,990 Ryan Fitzpatrick
52%
37,920 Boomer Esiason
51%
46,233 Vinny Testaverde
48%
25,467 Matt Schaub
47%
27,938 Ken Stabler
45%
25,092 Bob Griese
44%
20,975 Jack Delhomme
44%
28,711 Len Dawson
44%
23,584 Otto Graham
44%
28,743 Rich Gannon
43%
21,959 Danny White
42%
20,518 Trent Dilfer
40%
26,288 Jim Harbaugh
39%
21,886 Sammy Baugh
39%
28,475 Trent Green
38%
32,072 Mark Brunell
37%
25,882 Jim Plunkett
36%
33,070 Y.A. Tittle
36%
38,147 Dave Krieg
35%
40,922 Kerry Collins
35%
23,301 Bernie Kosar
34%
25,537 Jeff Garcia
34%
34,837 Jim Everett
34%
23,611 Norm Van Brocklin
33%
21,690 Neil O'Donnell
32%
23,713 Brian Sipe
31%
29,253 Jake Plummer
31%
27,602 Jeff George
31%
28,190 Ron Jaworski
31%
21,115 Jim Zorn
29%
34,665 Jim Hart
28%
28,484 Chris Chandler
27%
26,920 George Blanda
27%
29,745 Joe Kitna
27%
31,548 John Brodie
27%
32,224 Sonny Jurgensen
27%
34,241 Steve DeBerg
27%
24,777 Tommy Kramer
27%
27,908 Craig Morton
25%
22,771 Neil Lomax
25%
29,444 Roman Gabriel
25%
26,886 Steve Grogan
25%
20,261 Aaron Brooks
24%
22,814 Marc Bulger
24%
24,124 Steve Bartkowski
24%
26,768 Bobby Layne
23%
20,809 Earl Morrall
23%
33,503 John Hadl
23%
25,094 Ken O'Brien
23%
23,322 Lynn Dickey
21%
20,495 Billy Kilmer
20%
29,817 Joe Ferguson
19%
24,046 Steve Beuerlein
19%
21,218 Jack Kemp
18%
21,711 Jeff Blake
18%
21,683 Bobby Hebert
17%
20,610 Richard Todd
17%
20,063 Jay Schroeder
16%
21,291 Gus Frerotte
13%
30,797 Norm Snead
13%
22,681 Babe Parilli
8%
No matching quizzes found
Score Distribution
Percent of People with Each Score
Percentile by Number Answered
Your Score History
You have not taken this quiz